Penetration tester's open source toolkit

Penetration testing a network requires a delicate balance of art and science. A penetration tester must be creative enough to think outside of the box to determine the best attack vector into his own network, and also be expert in using the literally hundreds of tools required to execute the plan. T...

Descripción completa

Guardado en:
Detalles Bibliográficos
Formato: Libro
Lenguaje:Undetermined
Publicado: Rockland, MA . Syngress Pub. 2006
Materias:
Etiquetas: Agregar Etiqueta
Sin Etiquetas, Sea el primero en etiquetar este registro!
Thư viện lưu trữ: Trung tâm Học liệu Trường Đại học Cần Thơ
LEADER 00945nam a2200193Ia 4500
001 CTU_214423
008 210402s9999 xx 000 0 und d
082 |a 005.8 
082 |b P397 
245 0 |a Penetration tester's open source toolkit 
245 0 |c Johnny Long...[et al]. 
260 |a Rockland, MA . 
260 |b Syngress Pub. 
260 |c 2006 
520 |a Penetration testing a network requires a delicate balance of art and science. A penetration tester must be creative enough to think outside of the box to determine the best attack vector into his own network, and also be expert in using the literally hundreds of tools required to execute the plan. This book provides both the art and the science. 
650 |a Computer security,Computer networks,An ninh máy tính,Mạng máy tính 
650 |x Security measures,Biện pháp an toàn 
904 |i Năm 
980 |a Trung tâm Học liệu Trường Đại học Cần Thơ